| 000 | 00444nam a22001817a 4500 | ||
|---|---|---|---|
| 005 | 20260220112149.0 | ||
| 008 | 260220b |||||||| |||| 00| 0 eng d | ||
| 020 |
_a9789385750410 _c469.00 |
||
| 040 | _aMAIN | ||
| 041 | _aEnglish | ||
| 082 |
_a658.002 _bBHA |
||
| 100 |
_aBhatt Arvind Kumar _926359 |
||
| 245 | _aInnovation and Entrepreneurship | ||
| 260 |
_aNew Delhi _bLuxmi _c2026 |
||
| 300 | _a258 | ||
| 650 | _aCommerce | ||
| 942 | _cBK | ||
| 999 |
_c60411 _d60411 |
||